Denk Snel - de Volgende Letter - Statistieken

Algemene statistieken
  • Deze quiz is 14.151 keer genomen
  • De gemiddelde score is 12 van 25
Antwoordstatistieken
Letter Volgende % Correct
A B
57%
B C
56%
C D
56%
D E
56%
E F
55%
F G
54%
G H
53%
H I
53%
I J
52%
J K
50%
K L
50%
M N
50%
L M
49%
N O
47%
O P
45%
Q R
44%
P Q
43%
R S
43%
S T
42%
X Y
42%
Y Z
42%
U V
41%
V W
41%
W X
40%
T U
39%
Geen overeenkomende quizzen gevonden
Scoreverdeling
Procent van Mensen met Elke Score
Percentiel versus Aantal Correcte Antwoorden
Uw Scoregeschiedenis
U heeft deze quiz nog niet genomen